000 01480cam a22003617a 4500
003 CHAP
005 20220329135330.0
008 971013s1968 r 00010 d
010 _a34545
011 _a35517
035 _a39633
040 _cCHAP
082 _a628
_bF3
100 0 0 _aFair, Gordon Maskew.
_939330
245 0 _aIngeniería sanitaria y de aguas residuales
260 _aMéxico, D.F. :
_bLimusa-Wiley,
_c1968
300 _a2 v.
_b: ilus.
505 _aContenido: v.1 Abastecimiento de aguas y remoción de aguas residuales. -- v.2 Purificación de aguas y tratamiento de aguas residuales
590 _aBATCH-UPD
_b10
_c20130110
_lUCH01
_h1317
590 _aBATCH-UPD
_b10
_c20130410
_lUCH01
_h0828
590 _aBATCH-UPD
_b10
_c20130914
_lUCH01
_h0305
590 _aCONVERSION
_b10
_c20130109
_lUCH01
_h1319
650 1 4 _aAgua
_xAbastecimiento.
_92223
650 1 4 _aAgua
_xPurificacion.
_92397
650 1 4 _aAguas residuales.
_92583
650 1 4 _aIngeniería sanitaria.
_958277
901 _aBK
942 _cLIBRO
949 _a628 F3
_bBC
_cLIBRO
_d33724000023255
_eLIBRO
_fv.1
_h13811
_i39633
_si
949 _a628 F3
_bBC
_cLIBRO
_d33724000689717
_eLIBRO
_fv.1 c.2
_h17885
_i39633
_si
949 _a628 F3
_bBC
_cLIBRO
_d33724000905949
_eLIBRO
_fv.2
_h23586
_i39633
_si
949 _a628 F3
_bBC
_cLIBRO
_d33724000949707
_eLIBRO
_fv.2 c.2
_h105634
_i39633
_mSustituye a: Schulz, Christopher R. Tratamiento de Aguas Superficiales para PaŁses en Desarrollo. 628.3 S2Y A.-83750 I.c/e
_si
999 _c34545
_d34545